TRACKING ANIMAL BEHAVIOUR / (Record no. 136133)
[ view plain ]
| 000 -LEADER | |
|---|---|
| fixed length control field | 01172nam a2200313 ia4500 |
| 001 - CONTROL NUMBER | |
| control field | C2-0338844 |
| 003 - CONTROL NUMBER IDENTIFIER | |
| control field | PPAK |
| 005 - DATE AND TIME OF LATEST TRANSACTION | |
| control field | 20191007161539.0 |
| 008 - FIXED-LENGTH DATA ELEMENTS--GENERAL INFORMATION | |
| fixed length control field | 161128t20162016enkao j 1 eng d |
| 020 ## - INTERNATIONAL STANDARD BOOK NUMBER | |
| International Standard Book Number | 9781474702355 |
| Qualifying information | hardback |
| Terms of availability | RM75.40 |
| 040 ## - CATALOGING SOURCE | |
| Original cataloging agency | PPAK |
| Language of cataloging | eng |
| Transcribing agency | PPAK |
| Modifying agency | PPAK |
| Description conventions | rda |
| 082 04 - DEWEY DECIMAL CLASSIFICATION NUMBER | |
| Classification number | 591.507 |
| Edition number | 23 |
| 090 00 - LOCALLY ASSIGNED LC-TYPE CALL NUMBER (OCLC); LOCAL CALL NUMBER (RLIN) | |
| Classification number (OCLC) (R) ; Classification number, CALL (RLIN) (NR) | 591.507 |
| Feature heading | JAC |
| Feature heading | RK |
| 100 1# - MAIN ENTRY--PERSONAL NAME | |
| Personal name | Jackson, Tom, |
| Dates associated with a name | 1972- |
| Relator term | author. |
| 245 10 - TITLE STATEMENT | |
| Title | TRACKING ANIMAL BEHAVIOUR / |
| Statement of responsibility, etc. | Tom Jackson |
| 264 #1 - PRODUCTION, PUBLICATION, DISTRIBUTION, MANUFACTURE, AND COPYRIGHT NOTICE | |
| Place of production, publication, distribution, manufacture | London : |
| Name of producer, publisher, distributor, manufacturer | Raintree , |
| Date of production, publication, distribution, manufacture, or copyright notice | [2016] |
| Date of production, publication, distribution, manufacture, or copyright notice | ©2016 |
| 300 ## - PHYSICAL DESCRIPTION | |
| Extent | 32 pages : |
| Other physical details | colour illustrations, colour photographs ; |
| Dimensions | 26 cm |
| 336 ## - CONTENT TYPE | |
| Source | rdacontent |
| Content type term | text |
| 337 ## - MEDIA TYPE | |
| Source | rdamedia |
| Media type term | unmediated |
| 338 ## - CARRIER TYPE | |
| Source | rdacarrier |
| Carrier type term | volume |
| 490 1# - SERIES STATEMENT | |
| Series statement | Animals Trackers |
| 500 ## - GENERAL NOTE | |
| General note | Includes index. |
| 504 ## - BIBLIOGRAPHY, ETC. NOTE | |
| Linkage | Bibliography: page 31. |
| 521 ## - TARGET AUDIENCE NOTE | |
| Target audience note | It is often difficult to observe the behaviour of wild animals. They may only be active at night, or they may live in the tops of trees. This book shows how technologies make it easier for scientists to study animal behaviours. |
| 650 10 - SUBJECT ADDED ENTRY--TOPICAL TERM | |
| Topical term or geographic name entry element | Animal behavior |
| General subdivision | Research |
| -- | Methodology |
| Form subdivision | Juvenile literature |
| 830 #0 - SERIES ADDED ENTRY--UNIFORM TITLE | |
| Uniform title | Animals trackers |
| 942 ## - ADDED ENTRY ELEMENTS (KOHA) | |
| Koha item type | Book |
| Source of classification or shelving scheme | Dewey Decimal Classification |
| Withdrawn | Not for loan | Current library | Shelving location | Date acquired | Full call number | Barcode | Date last seen | Koha item type |
|---|---|---|---|---|---|---|---|---|
| Not For Loan | Perpustakaan Alor Setar | Rujukan Kanak-kanak | 01/12/2016 | RK 591.507 JAC | A01501275 | 09/05/2018 | Book | |
| Not For Loan | Perpustakaan Alor Setar | Rujukan Kanak-kanak | 20/11/2019 | RK 591.507 JAC | A01619256 | 20/11/2019 | Book | |
| Not For Loan | Perpustakaan Awam Sungai Petani | Rujukan Kanak-kanak | 20/11/2019 | RK 591.507 JAC | A01619257 | 20/11/2019 | Book |